Glanmore valuation row exposes fault lines in methodology (Record no. 83956)
[ view plain ]
| 000 -LEADER | |
|---|---|
| fixed length control field | 00988cab a22002055a 4500 |
| 001 - CONTROL NUMBER | |
| control field | L156142 |
| 008 - FIXED-LENGTH DATA ELEMENTS--GENERAL INFORMATION | |
| fixed length control field | 120501e2012 xxk 000 0 eng d |
| 035 ## - SYSTEM CONTROL NUMBER | |
| System control number | (Sirsi) u156142 |
| 041 0# - LANGUAGE CODE | |
| Language code of text/sound track or separate title | eng |
| 100 1# - MAIN ENTRY--PERSONAL NAME | |
| Personal name | Phillips, Mike |
| 245 00 - TITLE STATEMENT | |
| Title | Glanmore valuation row exposes fault lines in methodology |
| 260 ## - PUBLICATION, DISTRIBUTION, ETC. | |
| Date of publication, distribution, etc. | 2012 |
| 490 #0 - SERIES STATEMENT | |
| Series statement | Property Week |
| Volume/sequential designation | 78(17) 27 April 2012, 76-77(2) |
| 520 ## - SUMMARY, ETC. | |
| Summary, etc. | A row has broken out between Glanmore Property Fund and one of its lenders, the Royal Bank of Scotland, over the lender's valuation of Glanmore's portfolio, which is vital to Glanmore securing refinancing of a £300m loan that matures this April. The dispute highlights the problems facing valuers working in bull or bear markets, hints at a ticking timebomb for secondary valuations and exposes fault lines in the valuation methodology applied in this case. |
| 590 ## - LOCAL NOTE (RLIN) | |
| Local note | KA |
| 651 #4 - SUBJECT ADDED ENTRY--GEOGRAPHIC NAME | |
| Geographic name | United Kingdom |
| 690 ## - LOCAL SUBJECT ADDED ENTRY--TOPICAL TERM (OCLC, RLIN) | |
| Topical term or geographic name as entry element | Valuation |
| 9 (RLIN) | 6273 |
| 690 ## - LOCAL SUBJECT ADDED ENTRY--TOPICAL TERM (OCLC, RLIN) | |
| Topical term or geographic name as entry element | Commercial property |
| 9 (RLIN) | 6227 |
| 942 ## - ADDED ENTRY ELEMENTS (KOHA) | |
| Suppress in OPAC | 0 |
| Withdrawn status | Lost status | Source of classification or shelving scheme | Damaged status | Not for loan | Home library | Current library | Shelving location | Date acquired | Total Checkouts | Full call number | Barcode | Date last seen | Price effective from | Koha item type |
|---|---|---|---|---|---|---|---|---|---|---|---|---|---|---|
| Dewey Decimal Classification | London | London | Journal article | 01/05/2012 | L156142 | 156142-1001 | 06/08/2019 | 06/08/2019 | Journal |